000 00516nam a2200157 i 4500
001 83432
003 ES-MaACL
005 20230906174827.0
007 t|
008 180703s1971 sp ||||1| cat d
100 1 _aVives i Sarri, Pere (
_d1924-)
_9153105
245 1 0 _aAtzar dels dies
_b: poemes /
_cPere Vives.
260 _aBarcelona :
_b[s.n.],
_c1971.
300 _a119 p. ;
_c19 cm.
852 _aES-MaACL
_jL-32164
_z.- Donat. herederos de la bibl. de Mª del Pilar Costa Palacín
_z.- Ded. manuscrita del autor
999 _c83432
_d83432